| 000 | 01622nam a2200469 c 4500 | ||
|---|---|---|---|
| 001 | 22313 | ||
| 003 | ES-MaCES | ||
| 005 | 20170201120443.0 | ||
| 007 | cr ||||||||||| | ||
| 008 | 090803s2009 xxud s i000 | eng d | ||
| 020 | _a9780821378595 | ||
| 020 | _a9780821378601 (eISBN) | ||
| 035 | _aCES20090007951m | ||
| 040 |
_aES-MaCES _bspa _cES-MaCES |
||
| 245 | 0 | 0 |
_aGlobal monitoring report 2009 _b: a development emergency |
| 260 |
_aWashington D.C. _bWorld Bank _c[2009] |
||
| 300 |
_aXVI, 202, [16] p. _bgráf. col. _c30 cm _e1 documento pdf (8,85 mb) |
||
| 500 | _aEjemp. fotocopiado | ||
| 504 | _aBibliografía: p. 193-202 | ||
| 541 | _cGratuito | ||
| 650 | 4 |
_aayuda al desarrollo _926634 |
|
| 650 | 4 |
_apolítica de desarrollo _927014 |
|
| 650 | 4 |
_acrisis económica _927102 |
|
| 650 | 4 |
_apérdida financiera _928136 |
|
| 650 | 4 |
_aevaluación del impacto _930732 |
|
| 650 | 4 |
_acrecimiento económico _927094 |
|
| 650 | 4 |
_aorganización internacional _926700 |
|
| 650 | 4 |
_apolítica crediticia _928109 |
|
| 650 | 4 |
_afomento de las inversiones _928144 |
|
| 650 | 4 |
_apaís en desarrollo _927092 |
|
| 650 | 4 |
_apaís desarrollado _927091 |
|
| 650 | 4 |
_a2009 _931942 |
|
| 650 | 4 |
_ainforme _928986 |
|
| 653 | 1 | 0 | _aCooperación al desarrollo |
| 787 | 0 |
_tGlobal monitoring report 2010 _w(ES-MaCES)23616 |
|
| 787 | 0 |
_tGlobal monitoring report 2008 _w(ES-MaCES)21212 |
|
| 710 | 2 |
_91604 _aBanco Mundial _eed. |
|
| 856 | 4 |
_uhttp://biblioteca.ces.es/repintra/47-26369.pdf _ytexto completo _z[intranet] |
|
| 902 | _aLIB Libro | ||
| 942 |
_2CES _cBK _h1.2. |
||
| 999 |
_c22313 _d22313 |
||